CONCISE INORGANIC CHEMISTRY (Record no. 9362)
[ view plain ]
| 000 -LEADER | |
|---|---|
| fixed length control field | 01177nam a22001697a 4500 |
| 003 - CONTROL NUMBER IDENTIFIER | |
| control field | SGT |
| 020 ## - INTERNATIONAL STANDARD BOOK NUMBER | |
| International Standard Book Number | 9788126515547 |
| 082 ## - DEWEY DECIMAL CLASSIFICATION NUMBER | |
| Classification number | 546, LEE |
| 100 ## - MAIN ENTRY--PERSONAL NAME | |
| Personal name | LEE. J.D. |
| 245 ## - TITLE STATEMENT | |
| Title | CONCISE INORGANIC CHEMISTRY |
| 250 ## - EDITION STATEMENT | |
| Edition statement | 5TH |
| 260 ## - PUBLICATION, DISTRIBUTION, ETC. (IMPRINT) | |
| Place of publication, distribution, etc | NEW DELHI |
| Name of publisher, distributor, etc | WILEY |
| Year of Publication | 2015 |
| 300 ## - PAGE DESCRIPTION | |
| No. of Pages | 1032 |
| 650 ## - SUBJECT ADDED ENTRY--TOPICAL TERM | |
| Topical term or geographic name as entry element | INORGANIC CHEMISTRY |
| 653 ## - KEYWORDS--INDEX TERM | |
| Keyword term | ATOMIC STRUCTURE AND THE PERIODIC TABLE, INTRODUCTION TO BONDING, THE IONIC BOND, THE COVALENT BOND, THE METALLIC BOND, GENERAL PROPERTIES OF THE ELEMENTS, COORDINATION COMPOUNDS, HYDROGEN AND THE HYDRIDES, GROUP 1 - THE ALKALI METAL, THE CHLOR-ALKALI INDUSTRY, GROUP 2 - THE ALKALINE EARTH ELEMENTS, THE GROUP 13 ELEMENTS, THE GROUP 14 ELEMENTS, THE GROUP 15 ELEMENTS, GROUP 16 - THE CHALCOGENS, GROUP 17 - THE HALOGENS, GROUP 18 - THE NOBLE GASE, AN INTRODUCTION TO THE TRANSITION ELEMENTS, GROUP 3 - THE SCANDIUM GROUP, GROUP 4 - THE TITANIUM GROUP, GROUP 5 - THE VANADIUM GROUP, GROUP 6 - THE CHROMIUM GROUP, GROUP 7 - THE MANGANESE GROUP, GROUP 8 - THE IRON GROUP, GROUP 9 - THE COBALT GROUP, GROUP 10 - THE NICKEL GROUP, GROUP 11 - THE COPPER GROUP: COINAGE METALS, GROUP 12 - THE ZINC GROUP |
| 942 ## - ADDED ENTRY ELEMENTS (KOHA) | |
| Source of classification or shelving scheme | Dewey Decimal Classification |
| Koha item type | FPS Books |
| 942 ## - ADDED ENTRY ELEMENTS (KOHA) | |
| -- | 7 |
| Withdrawn status | Lost status | Source of classification or shelving scheme | Damaged status | Not for loan | Collection code | Home library | Current library | Shelving location | Date acquired | Vendor Name | Cost, normal purchase price | SGTU | Bill Number | Full call number | Accession No. (Barcode) | Date last seen | Bill Date | Koha item type | Total Checkouts | Date last borrowed | Total Renewals |
|---|---|---|---|---|---|---|---|---|---|---|---|---|---|---|---|---|---|---|---|---|---|
| Dewey Decimal Classification | Not For Loan | SCIENCE | SGT Science & Social Sciences Library | SGT Science & Social Sciences Library | Reference Book | 30/06/2016 | KIRTI PRAKASHAN | 700.00 | SGTU | 2947 | 546, LEE | PS917 | 30/06/2016 | 19/09/2015 | FPS Books | ||||||
| Dewey Decimal Classification | SCIENCE | SGT Science & Social Sciences Library | SGT Science & Social Sciences Library | Text Book | 30/06/2016 | KIRTI PRAKASHAN | 700.00 | SGTU | 2947 | 546, LEE | PS918 | 15/11/2022 | 19/09/2015 | FPS Books | 11 | 27/10/2022 | |||||
| Dewey Decimal Classification | SCIENCE | SGT Science & Social Sciences Library | SGT Science & Social Sciences Library | Text Book | 30/06/2016 | KIRTI PRAKASHAN | 700.00 | SGTU | 2947 | 546, LEE | PS919 | 10/04/2023 | 19/09/2015 | FPS Books | 12 | 27/03/2023 | 1 |